[Event "CZE-tht Extraliga 2018-19"]
[Site "Czech Republic"]
[Date "2018.12.01"]
[Round "3"]
[White "Molenda, Marcin"]
[Black "Movsesian, Sergei"]
[Result "0-1"]
[WhiteElo "2383"]
[BlackElo "2630"]
[Annotator "TA"]
[PlyCount "67"]
[EventDate "2018.11.03"]
[EventType "team-tourn"]
[EventCountry "CZE"]
[SourceTitle "playchess.com"]
[Source "ChessBase"]
[SourceQuality "1"]
[WhiteTeam "Cesky Tesin"]
[BlackTeam "Pardubice"]

{[%evp 14,67,21,19,22,0,36,35,22,27,78,73,81,25,60,58,90,38,39,39,37,31,87,77,157,147,141,156,157,132,130,150,146,99,116,95,102,110,130,114,112,91,84,85,87,83,131,100,92,86,96,0,0,-68,-52,-940]} 1. d4 Nf6 2. c4 e6 3. Nf3 d5 4. g3 Bb4+ 5. Bd2 a5 6. Bg2 dxc4 7. O-O O-O {E04: Open Catalan: 5 Nf3} 8. e3 {LiveBook: 4 Games} (8. Bg5 h6 9. Bxf6 Qxf6 10. a3 Bd6 11. Nc3 Nc6 12. Rc1 e5 13. d5 Nd4 14. Nxd4 exd4 15. Ne4 {0-1 (66) Ding,L (2777)-Wang,H (2709) Huaian 2017}) 8... c5 9. dxc5 $146 ({Predecessor:} 9. a3 Bxd2 10. Nbxd2 cxd4 11. exd4 b5 12. a4 c3 13. bxc3 b4 14. Ne5 Ra7 15. Qb3 {½-½ (38) Yurick,L (2042)-Steel,A (2097) ICCF email 2015}) 9... Nc6 {The position is equal.} 10. Bxb4 axb4 11. Nbd2 Qd3 (11... Qe7 $11) 12. Ne1 $16 Qf5 13. Qc2 ({White should play} 13. Nxc4 $16 {Black must now prevent Nd3.} Qxc5 14. Qb3) 13... Qxc5 {[#]} 14. Nd3 $1 $36 {[%mdl 2560] White has the initiative.} Qh5 (14... cxd3 15. Qxc5) 15. Nf4 ({White should try} 15. Nxc4 $16 Rd8 16. Rad1) 15... Qh6 $14 16. Nxc4 e5 17. Nd5 Be6 (17... Bg4 $14) 18. Nc7 $16 {[%cal Bd5c7,Bc7b5,Bb5c3][%mdl 32]} b3 (18... Bxc4 $142 19. Qxc4 Rad8) 19. axb3 ({Don't play} 19. Qxb3 $6 Na5 $14) 19... Rxa1 20. Rxa1 Bh3 21. Qe2 e4 22. Nb5 Bg4 23. Qf1 Qh5 24. Nc3 Bf3 25. Nd2 Qf5 26. Qb1 Ne5 27. Ncxe4 Nxe4 28. Nxe4 Bxg2 29. Kxg2 h6 30. Nd2 Nd3 {[#]} 31. Qf1 $1 Rd8 32. Nc4 (32. Nf3 $16) 32... b5 $11 33. Nd2 (33. Na3 $1 $11) 33... Nxf2 $15 34. Rd1 $2 {[%mdl 8192] Accuracy: White = 52%, Black = 51%.} (34. Nb1 $15 Ng4 35. Qxf5 Nxe3+ {[%mdl 64] Double Attack} 36. Kh3 Nxf5 37. Ra5) 0-1

[Event "CZE-tht Extraliga 2018-19"]
[Site "Czech Republic"]
[Date "2018.12.01"]
[Round "3"]
[White "Mroziak, Maciej"]
[Black "Hracek, Zbynek"]
[Result "1/2-1/2"]
[WhiteElo "2378"]
[BlackElo "2568"]
[Annotator "TA"]
[PlyCount "78"]
[EventDate "2018.11.03"]
[EventType "team-tourn"]
[EventCountry "CZE"]
[SourceTitle "playchess.com"]
[Source "ChessBase"]
[SourceQuality "1"]
[WhiteTeam "Cesky Tesin"]
[BlackTeam "Pardubice"]

{[%evp 21,78,-12,-13,-19,0,-4,-8,-13,-9,-18,-7,-27,-7,-8,-4,-4,-3,-16,-8,-7,0,-7,-4,-4,0,0,0,-1,0,0,0,0,0,0,0,0,8,-33,-33,-35,-29,-33,-31,-33,-33,-32,-16,-56,-57,-67,-68,-75,-85,-106,-102,-94,-100,-95,-70]} 1. e4 e5 2. Nf3 Nc6 3. Bb5 a6 4. Bxc6 dxc6 5. d4 exd4 6. Qxd4 Qxd4 7. Nxd4 Bd7 8. Be3 O-O-O 9. Nd2 c5 10. Ne2 b6 11. O-O-O Ne7 {[%cal Bg8e7,Be7g6,Bg6h4][%mdl 32] LiveBook: 4 Games} 12. Rhe1 {C68: Ruy Lopez: Exchange Variation, sidelines} f5 $146 ({Predecessor:} 12... Nc6 13. h3 Be7 14. Nf4 Rde8 15. Nd5 Bd8 16. Nc4 b5 17. Nd2 c4 18. b3 cxb3 19. Nxb3 Be6 {0-1 (65) Ljubojevic,L (2600)-Beliavsky,A (2585) Tilburg 1986}) 13. Ng3 fxe4 14. Ndxe4 {The position is equal.} Re8 15. f3 Ng6 16. c4 Nh4 17. Re2 Be7 18. Rde1 Bd8 19. Kd1 h6 20. Bd2 Rhf8 21. Bc3 Rf7 22. Nd2 Rxe2 23. Rxe2 g5 24. h3 Be7 25. b3 Bf8 26. Ke1 a5 27. Nde4 a4 28. Nf6 Bc6 29. bxa4 Bxa4 30. Ng4 Ng6 31. Ne5 Nxe5 32. Bxe5 Bd7 33. Kd2 Kb7 34. Nf1 Bf5 35. Ne3 Rd7+ 36. Kc1 Bg6 {Black is better.} 37. g3 Rd3 38. f4 gxf4 39. gxf4 Bh5 {Accuracy: White = 61%, Black = 73%.} 1/2-1/2

[Event "CZE-tht Extraliga 2018-19"]
[Site "Czech Republic"]
[Date "2018.12.01"]
[Round "3"]
[White "Szotkowski, Jakub"]
[Black "Vlasak, Lukas"]
[Result "0-1"]
[WhiteElo "2357"]
[BlackElo "2401"]
[Annotator "ChessBase"]
[PlyCount "114"]
[EventDate "2018.11.03"]
[EventType "team-tourn"]
[EventCountry "CZE"]
[SourceTitle "playchess.com"]
[Source "ChessBase"]
[SourceQuality "1"]
[WhiteTeam "Beskydska"]
[BlackTeam "Turnov"]
[TimeControl "40/5400+30:1800+30"]

1. d4 {[%emt 0:00:00]} Nf6 {[%emt 0:00:00]} 2. c4 {[%emt 0:00:00]} e6 {[%emt 0:01:13]} 3. g3 {[%emt 0:00:04]} Bb4+ {[%emt 0:01:09]} 4. Bd2 {[%emt 0:00:10]} Be7 {[%emt 0:00:53]} 5. Bg2 {[%emt 0:00:16]} d5 {[%emt 0:01:05]} 6. Qc2 {[%emt 0:00:24]} O-O {[%emt 0:00:39]} 7. Nf3 {[%emt 0:00:07]} c6 {[%emt 0:00:19]} 8. O-O {[%emt 0:00:19]} Nbd7 {[%emt 0:00:22]} 9. Rd1 {[%emt 0:00:20]} b6 {[%emt 0:03:06]} 10. Bf4 {[%emt 0:01:13]} Ba6 {[%emt 0:03:12]} 11. Ne5 {[%emt 0:00:16]} Rc8 {[%emt 0:02:07]} 12. Nc3 {[%emt 0:14:48]} Qe8 {[%emt 0:11:08]} 13. a4 {[%emt 0:05:44]} Nh5 {[%emt 0:17:26]} 14. cxd5 {[%emt 0:18:33]} Nxf4 {[%emt 0:12:35]} 15. Nxd7 {[%emt 0:09:00]} Nxe2+ {[%emt 0:03:29]} 16. Nxe2 {[%emt 0:01:55]} cxd5 {[%emt 0:00:25]} 17. Nc3 {[%emt 0:06:15]} Qxd7 {[%emt 0:00:29]} 18. a5 {[%emt 0:00:29]} Qb7 {[%emt 0:05:52]} 19. axb6 {[%emt 0:05:57]} axb6 {[%emt 0:04:57]} 20. Qa4 {[%emt 0:01:05]} Ra8 {[%emt 0:01:03]} 21. Qb3 {[%emt 0:13:31]} Rfd8 {[%emt 0:04:08]} 22. Ra4 {[%emt 0:05:14]} b5 {[%emt 0:05:14]} 23. Raa1 {[%emt 0:07:32]} b4 {[%emt 0:01:49]} 24. Na4 {[%emt 0:00:31]} Rdc8 {[%emt 0:04:59]} 25. Bf3 {[%emt 0:04:15]} Bb5 {[%emt 0:04:02]} 26. Nc5 {[%emt 0:01:20]} Bxc5 {[%emt 0:00:38]} 27. dxc5 {[%emt 0:00:06]} Bc6 {[%emt 0:02:00]} 28. Rxa8 {[%emt 0:00:42]} Rxa8 {[%emt 0:00:10]} 29. Rd4 {[%emt 0:00:48]} Ra1+ {[%emt 0:03:36]} 30. Kg2 {[%emt 0:00:54]} Qb5 {[%emt 0:01:08]} 31. Bd1 {[%emt 0:00:14]} g6 {[%emt 0:02:07]} 32. Rxb4 {[%emt 0:02:31]} d4+ {[%emt 0:01:35]} 33. f3 {[%emt 0:00:40]} Qxc5 {[%emt 0:00:50]} 34. Rc4 {[%emt 0:00:40]} Qd5 {[%emt 0:01:32]} 35. Be2 {[%emt 0:00:41]} Kg7 {[%emt 0:01:07]} 36. Qb4 {[%emt 0:00:36]} Ra4 {[%emt 0:00:54]} 37. Qb3 {[%emt 0:00:48]} Rxc4 {[%emt 0:00:12]} 38. Bxc4 {[%emt 0:00:06]} Qc5 {[%emt 0:00:43]} 39. Qd3 {[%emt 0:00:21]} e5 {[%emt 0:00:21]} 40. g4 {[%emt 0:00:54]} Qb4 {[%emt 0:00:52]} 41. Qe2 {[%emt 0:00:59]} f6 {[%emt 0:06:59]} 42. g5 {[%emt 0:03:16]} Qc5 {[%emt 0:02:45]} 43. gxf6+ {[%emt 0:00:17]} Kxf6 {[%emt 0:00:02]} 44. Bd3 {[%emt 0:06:22]} Qc1 {[%emt 0:03:07]} 45. b4 {[%emt 0:00:22]} Qg5+ {[%emt 0:00:18]} 46. Kf2 {[%emt 0:01:43]} Qf4 {[%emt 0:01:15]} 47. Kg2 {[%emt 0:00:59]} Qg4+ {[%emt 0:00:13]} 48. Kf2 {[%emt 0:04:31]} Qh3 {[%emt 0:00:20]} 49. b5 {[%emt 0:04:11]} Qxh2+ {[%emt 0:00:41]} 50. Ke1 {[%emt 0:00:08]} Qxe2+ {[%emt 0:00:23]} 51. Kxe2 {[%emt 0:00:31]} Bb7 {[%emt 0:00:10]} 52. Kf2 {[%emt 0:01:33]} Ke6 {[%emt 0:00:29]} 53. Kg3 {[%emt 0:00:20]} Kd6 {[%emt 0:00:25]} 54. Kg4 {[%emt 0:00:36]} Kc5 {[%emt 0:00:13]} 55. Be2 {[%emt 0:00:41]} h6 {[%emt 0:00:15]} 56. Bd3 {[%emt 0:00:10]} Bc8+ {[%emt 0:00:07]} 57. Kg3 {[%emt 0:00:12]} Bf5 {[%emt 0:00:06]} 0-1

[Event "CZE-tht Extraliga 2018-19"]
[Site "Czech Republic"]
[Date "2018.12.01"]
[Round "3"]
[White "Priehoda, Vitezslav"]
[Black "Simek, Petr"]
[Result "1-0"]
[WhiteElo "2354"]
[BlackElo "2338"]
[Annotator "NA"]
[PlyCount "147"]
[EventDate "2018.11.03"]
[EventType "team-tourn"]
[EventCountry "CZE"]
[SourceTitle "playchess.com"]
[Source "ChessBase"]
[SourceQuality "1"]
[WhiteTeam "Lysa nad Labem"]
[BlackTeam "Siesta"]
[TimeControl "40/5400+30:1800+30"]

1. d4 {[%emt 0:00:00]} Nf6 {[%emt 0:00:00]} 2. c4 {[%emt 0:00:00]} e6 {[%emt 0:00:00]} 3. Nf3 {[%emt 0:00:00]} d5 {[%emt 0:00:03]} 4. Nc3 {[%emt 0:00:00]} Nbd7 {[%emt 0:00:12]} 5. Bg5 {[%emt 0:00:09]} Be7 {[%emt 0:00:17]} 6. e3 {[%emt 0:00:05]} O-O {[%emt 0:00:11]} 7. Qc2 {[%emt 0:00:45]} c5 {[%emt 0:00:20]} 8. dxc5 {[%emt 0:02:01]} Nxc5 {[%emt 0:00:16]} 9. Rd1 {[%emt 0:10:08] D61: Queen's Gambit Declined: Classical: 7 Qc2} (9. a3 h6 10. Bh4 Nce4 11. Nxe4 Nxe4 12. Bxe7 Qxe7 13. Rd1 Nf6 14. cxd5 Nxd5 15. Bc4 Nf6 16. Rf1 {½-½ (16) Mamedyarov,S (2752)-Alekseev,E (2716) Kemer 2007}) 9... Qa5 {[%emt 0:02:55]} 10. cxd5 {[%emt 0:26:03]} exd5 {[%emt 0:00:35] LiveBook: 4 Games} 11. Nd4 {[%emt 0:02:19]} Rd8 $146 {[%emt 0:25:22]} ({Predecessor:} 11... Bd7 12. Bd3 Ba4 13. Nb3 Bxb3 14. axb3 Nce4 15. Bxe4 dxe4 16. Bxf6 Bxf6 {½-½ (24) Tisdall,J (2515)-Ostenstad,B (2465) Norway 1996}) 12. Be2 {[%emt 0:04:18]} Nce4 {[%emt 0:01:58]} 13. Nb3 {[%emt 0:03:08]} Qc7 {[%emt 0:00:30]} 14. Bf4 {[%emt 0:00:06]} Bd6 {[%emt 0:00:15]} 15. Bxd6 {[%emt 0:00:19]} Rxd6 {[%emt 0:00:14]} 16. Rc1 {[%emt 0:03:56]} Qe7 {[%emt 0:10:57]} 17. O-O {[%emt 0:14:53]} Bf5 {[%emt 0:03:13]} 18. Nd4 {[%emt 0:00:17]} Bg6 {[%emt 0:00:06]} 19. Bd3 {[%emt 0:03:11]} a6 {[%emt 0:05:07]} 20. Rfd1 {[%emt 0:07:03]} Rad8 {[%emt 0:05:04]} 21. Nxe4 {[%emt 0:05:33]} dxe4 {[%emt 0:10:43]} 22. Be2 $11 {[%emt 0:00:08]} h5 {[%emt 0:02:52]} 23. Nb3 {[%emt 0:04:09]} Nd5 {[%emt 0:10:25]} 24. Rd4 {[%emt 0:01:33]} Nf4 {[%emt 0:12:12]} 25. Rxd6 {[%emt 0:02:06]} Nxe2+ {[%emt 0:00:01]} 26. Qxe2 {[%emt 0:00:12]} Qxd6 {[%emt 0:00:04]} 27. Nd4 {[%emt 0:00:41]} f6 {[%emt 0:00:11]} 28. Qc4+ {[%emt 0:00:51]} Bf7 {[%emt 0:00:05]} 29. Qc2 {[%emt 0:02:32]} Qe5 {[%emt 0:04:21]} 30. a3 {[%emt 0:00:17]} h4 {[%emt 0:03:33]} 31. Qc7 {[%emt 0:01:25]} Qd5 {[%emt 0:00:39]} 32. Rc5 {[%emt 0:01:27]} Qd7 {[%emt 0:00:45]} 33. h3 {[%emt 0:00:51]} Ba2 {[%emt 0:00:54]} 34. b3 {[%emt 0:01:23]} Bb1 {[%emt 0:00:30]} 35. Ne6 {[%emt 0:02:28]} Qd1+ {[%emt 0:01:06]} 36. Kh2 {[%emt 0:00:01]} Qd6+ {[%emt 0:00:06]} 37. Qxd6 {[%emt 0:00:22]} Rxd6 {[%emt 0:00:01]} 38. Nd4 {[%emt 0:01:10]} Rd7 {[%emt 0:01:17]} 39. Kg1 {[%emt 0:01:01]} Bd3 {[%emt 0:01:32]} 40. Rc3 {[%emt 0:01:22]} Bb1 {[%emt 0:00:21]} 41. Rc5 {[%emt 0:31:43]} Kf7 {[%emt 0:04:46]} 42. g3 {[%emt 0:00:00]} hxg3 {[%emt 0:01:52]} 43. fxg3 {[%emt 0:00:00]} Re7 {[%emt 0:01:26]} 44. Kf2 {[%emt 0:00:00]} g5 {[%emt 0:02:11]} 45. g4 {[%emt 0:00:00]} Rd7 {[%emt 0:00:42]} 46. Kg3 {[%emt 0:00:00]} Kf8 {[%emt 0:01:31]} 47. h4 {[%emt 0:00:00]} gxh4+ {[%emt 0:00:16]} 48. Kxh4 {[%emt 0:00:00]} Kf7 {[%emt 0:03:26]} 49. Kg3 {[%emt 0:00:00]} Kg6 {[%emt 0:01:04]} 50. Kf4 {[%emt 0:00:00]} Rh7 {[%emt 0:01:04]} 51. Rc1 {[%emt 0:00:00]} Bd3 {[%emt 0:00:04]} 52. Kg3 {[%emt 0:00:00]} Rd7 {[%emt 0:01:51]} 53. Nf5 {[%emt 0:00:00]} Kf7 {[%emt 0:00:44]} 54. Kf4 {[%emt 0:00:00]} Ke6 {[%emt 0:03:25]} 55. Rc5 {[%emt 0:00:00]} Bb1 {[%emt 0:01:35]} 56. Nd4+ {[%emt 0:00:00]} Kd6 {[%emt 0:01:14]} 57. Rh5 {[%emt 0:00:00]} Rf7 {[%emt 0:03:18]} 58. Rh6 {[%emt 0:00:00]} Ke7 {[%emt 0:00:21]} 59. Nf5+ {[%emt 0:00:00]} Kd7 {[%emt 0:00:01]} 60. Ng3 {[%emt 0:00:00]} a5 {[%emt 0:02:01]} 61. Nxe4 {[%emt 0:00:00]} Bxe4 {[%emt 0:00:17]} 62. Kxe4 {[%emt 0:00:00]} Re7+ {[%emt 0:00:13]} 63. Kf4 {[%emt 0:00:50]} Re6 {[%emt 0:00:05]} 64. Rh7+ {[%emt 0:01:44]} Kc6 {[%emt 0:00:03]} 65. Rh5 {[%emt 0:00:10]} b6 {[%emt 0:00:54]} 66. a4 {[%emt 0:00:11]} Rd6 {[%emt 0:00:29]} 67. e4 {[%emt 0:01:23]} Rd1 {[%emt 0:00:48]} 68. Rf5 {[%emt 0:01:00]} Rf1+ {[%emt 0:02:45]} 69. Ke3 {[%emt 0:00:16]} Rb1 {[%emt 0:00:15]} 70. Rxf6+ {[%emt 0:00:09]} Kc7 {[%emt 0:00:12]} 71. g5 {[%emt 0:00:51]} Rxb3+ {[%emt 0:00:11]} 72. Kf4 {[%emt 0:00:26]} Rb1 {[%emt 0:00:00]} 73. g6 {[%emt 0:01:31]} Rg1 {[%emt 0:00:00]} 74. Kf5 {[%emt 0:00:24]} 1-0

[Event "CZE-tht Extraliga 2018-19"]
[Site "Czech Republic"]
[Date "2018.12.01"]
[Round "3"]
[White "Vavra, Pavel"]
[Black "Sasikiran, Krishnan"]
[Result "0-1"]
[WhiteElo "2350"]
[BlackElo "2672"]
[Annotator "TA"]
[PlyCount "88"]
[EventDate "2018.11.03"]
[EventType "team-tourn"]
[EventCountry "CZE"]
[SourceTitle "playchess.com"]
[Source "ChessBase"]
[SourceQuality "1"]
[WhiteTeam "Siesta B"]
[BlackTeam "Novoborsky"]

{[%evp 9,88,5,9,5,15,-20,0,0,0,-6,-13,-12,-15,-8,-8,-37,-44,-48,-54,-58,-58,-68,-54,-52,-57,-66,-28,-45,-40,-30,-22,-58,-59,-56,-51,-55,-45,-93,-82,-90,-47,-49,-41,-102,-91,-104,-97,-111,-95,-171,-168,-161,-171,-190,-153,-216,-131,-160,-137,-172,-170,-189,-189,-265,-264,-261,-257,-337,-330,-366,-373,-379,-371,-345,-346,-466,-460,-487,-471,-431,-439]} 1. d4 Nf6 2. Bf4 b6 3. e3 Bb7 4. Nf3 e6 5. Nbd2 h6 {LiveBook: 10 Games} (5... Bd6 6. Bg3 O-O 7. Bd3 h6 8. c3 Bxg3 9. hxg3 d6 10. Qe2 Nbd7 11. e4 e5 12. dxe5 dxe5 13. O-O-O {1-0 (27) Le,Q (2737)-Salgado Lopez,I (2644) Riadh 2017}) 6. c3 {A47: 1 d4 Nf6 2 Nf3 b6: Torre, London and Colle Systems} Nh5 $146 ({Predecessor:} 6... g5 7. Bg3 d6 8. h3 Nbd7 9. Bb5 a6 10. Ba4 b5 11. Bb3 Nh5 12. Bh2 Ndf6 13. Qc2 {0-1 (40) Blasco Gallardo,F (1421)-Garcia Sanjuan,J (1864) Madrid 2016}) 7. Bg3 Nxg3 8. hxg3 {The position is equal.} g6 9. e4 Bg7 10. Bd3 d6 11. Qa4+ Qd7 12. Qxd7+ (12. Qc2 {is more complex.} c5 13. dxc5 bxc5 14. Nc4 O-O 15. O-O-O) 12... Nxd7 13. O-O-O Ke7 14. Ne1 c5 15. Nc2 Rac8 {White must now prevent ...cxd4.} 16. Kb1 h5 17. Rhe1 Rhd8 18. d5 exd5 19. exd5+ Kf8 20. Ne3 Nf6 21. Ne4 Nxe4 22. Bxe4 b5 23. f4 Rc7 24. Bf3 b4 25. cxb4 $1 cxb4 26. Rc1 ({Better is} 26. f5 $1 $15) 26... Rc5 27. Red1 Bc8 28. Rxc5 dxc5 29. d6 (29. Nc2 $17) 29... Bd4 $19 30. Nc4 Bf5+ 31. Kc1 Be6 32. Be2 (32. b3 $17 {was necessary.}) 32... Kg7 33. b3 Kf6 34. Kc2 Bd5 35. Bf1 Be4+ 36. Kc1 {[#]} (36. Bd3 $142 Bxg2 37. Rd2) 36... Bf2 $1 37. Bd3 Ba8 ({Worse is} 37... Bxg2 38. Rd2 $11) 38. g4 hxg4 39. Ne5 Be3+ {[%mdl 64] Double Attack} 40. Kc2 Bxf4 41. Nxg4+ Kg7 42. Nf2 {If only White now had time for Be4....} Bxg2 {Black is clearly winning.} 43. Be4 Bxe4+ 44. Nxe4 f5 {Accuracy: White = 51%, Black = 75%.} 0-1

[Event "CZE-tht Extraliga 2018-19"]
[Site "Czech Republic"]
[Date "2018.12.01"]
[Round "3"]
[White "Vojta, Tomas"]
[Black "Rasik, Vitezslav"]
[Result "1/2-1/2"]
[WhiteElo "2350"]
[BlackElo "2461"]
[Annotator "TA"]
[PlyCount "38"]
[EventDate "2018.11.03"]
[EventType "team-tourn"]
[EventCountry "CZE"]
[SourceTitle "playchess.com"]
[Source "ChessBase"]
[SourceQuality "1"]
[WhiteTeam "Brno"]
[BlackTeam "Ostrava"]

{[%evp 17,38,22,15,-12,28,0,10,0,33,-1,61,59,48,42,56,0,0,0,56,0,0,0,72]} 1. e4 d6 2. d4 g6 3. Nc3 Bg7 4. Be3 Nf6 5. f3 c6 6. Qd2 b5 7. h4 h5 8. Nh3 Bxh3 {B07: Pirc Defence: Miscellaneous Systems} (8... Bb7 9. Ng5 Nbd7 10. Bd3 a6 11. O-O-O e5 12. dxe5 dxe5 13. Kb1 Qe7 14. Be2 O-O 15. Qd6 Qxd6 16. Rxd6 {1-0 (58) Sedlak,N (2537)-Kadric,D (2511) Paracin 2015}) 9. Rxh3 Nbd7 {LiveBook: 22 Games} 10. Rh1 Qa5 $146 ({Predecessor:} 10... Nb6 11. a4 Nc4 12. Bxc4 bxc4 13. Qe2 d5 14. e5 Nd7 15. e6 fxe6 16. Bf4 {0-1 (31) Mikalsen,E (2062)-Gronn,A (2364) Oslo 2012}) 11. a3 a6 12. Be2 c5 13. Kf2 Rc8 (13... cxd4 $11 14. Bxd4 Bh6) 14. dxc5 $14 dxc5 15. Rhd1 c4 16. Bd4 {Black must now prevent Bxf6.} Bh6 $1 {[%cal Rh6d2]} 17. Be3 Bg7 18. Bd4 {Bxf6 is the strong threat.} Bh6 19. Be3 Bg7 {Accuracy: White = 34%, Black = 31%.} 1/2-1/2

[Event "CZE-tht Extraliga 2018-19"]
[Site "Czech Republic"]
[Date "2018.12.01"]
[Round "3"]
[White "Cerveny, Martin"]
[Black "Caletka, Radomir"]
[Result "1/2-1/2"]
[WhiteElo "2347"]
[BlackElo "2285"]
[Annotator "NA"]
[PlyCount "67"]
[EventDate "2018.11.03"]
[EventType "team-tourn"]
[EventCountry "CZE"]
[SourceTitle "playchess.com"]
[Source "ChessBase"]
[SourceQuality "1"]
[WhiteTeam "Duras"]
[BlackTeam "Poruba"]
[TimeControl "40/5400+30:1800+30"]

1. d4 {[%emt 0:00:00]} d5 {[%emt 0:00:00]} 2. c4 {[%emt 0:00:00]} c6 {[%emt 0:00:00]} 3. cxd5 {[%emt 0:00:20]} cxd5 {[%emt 0:00:00]} 4. Nc3 {[%emt 0:00:07]} Nf6 {[%emt 0:00:00]} 5. Bf4 {[%emt 0:00:07]} Nc6 {[%emt 0:00:43]} 6. e3 {[%emt 0:00:08]} a6 {[%emt 0:05:49]} 7. Bd3 {[%emt 0:01:46]} Bg4 {[%emt 0:01:03]} 8. Nge2 {[%emt 0:04:03]} e6 {[%emt 0:00:48]} 9. Bg5 $146 {[%emt 0:12:56] D10: Slav Defence: 3 cxd5 (without early Nf3) and 3 Nc3} ({Predecessor:} 9. O-O Be7 10. h3 Bh5 11. Rc1 O-O 12. Na4 Rc8 13. a3 Nd7 14. b4 e5 15. dxe5 Ndxe5 16. Bf5 Ra8 17. Nc5 b5 {1-0 (33) Le,Q (2737)-Andreikin,D (2712) Huaian 2017}) 9... Be7 {[%emt 0:04:15]} 10. Qb3 {[%emt 0:04:28]} Na5 {[%emt 0:03:21]} 11. Qc2 {[%emt 0:01:47]} Bh5 {[%emt 0:02:58]} 12. Nf4 {[%emt 0:00:34]} Bg6 {[%emt 0:00:24]} 13. Nxg6 {[%emt 0:00:29]} hxg6 {[%emt 0:00:02]} 14. Rc1 {[%emt 0:06:15]} Rc8 {[%emt 0:02:22]} 15. Qe2 {[%emt 0:06:54]} Qd7 {[%emt 0:17:38]} 16. O-O {[%emt 0:11:07]} O-O {[%emt 0:05:23]} 17. Bxf6 {[%emt 0:10:46]} gxf6 {[%emt 0:01:53]} 18. f4 {[%emt 0:01:52]} Kg7 {[%emt 0:03:02]} 19. Qf3 {[%emt 0:18:52]} f5 $15 {[%emt 0:17:14]} 20. g4 {[%emt 0:00:47]} fxg4 {[%emt 0:11:20]} 21. Qxg4 {[%emt 0:00:02]} Nc4 {[%emt 0:03:09]} 22. Qe2 {[%emt 0:01:02]} Nd6 {[%emt 0:00:31]} 23. Kh1 {[%emt 0:01:05]} Rh8 {[%emt 0:00:47]} 24. Nb1 {[%emt 0:02:54]} Qa4 {[%emt 0:04:09]} 25. b3 {[%emt 0:00:27]} Qa5 {[%emt 0:02:12]} 26. Rxc8 {[%emt 0:00:15]} Rxc8 {[%emt 0:00:21]} 27. Rg1 {[%emt 0:00:19]} Nf5 {[%emt 0:03:27]} 28. Bxf5 {[%emt 0:02:41]} exf5 {[%emt 0:00:01]} 29. Rd1 {[%emt 0:01:30]} Bb4 {[%emt 0:01:10]} 30. Kg2 {[%emt 0:00:47]} Rc6 {[%emt 0:01:03]} 31. Kf1 {[%emt 0:00:42]} Be7 {[%emt 0:03:07]} 32. Qg2 {[%emt 0:03:48]} Re6 {[%emt 0:01:12]} 33. Qe2 {[%emt 0:01:15]} Bd6 {[%emt 0:00:53]} 34. Qf2 {[%emt 0:00:41]} 1/2-1/2

[Event "CZE-tht Extraliga 2018-19"]
[Site "Czech Republic"]
[Date "2018.12.01"]
[Round "3"]
[White "Wiewiora, Eneasz"]
[Black "Repka, Christopher"]
[Result "1/2-1/2"]
[WhiteElo "2344"]
[BlackElo "2499"]
[Annotator "TA"]
[PlyCount "37"]
[EventDate "2018.11.03"]
[EventType "team-tourn"]
[EventCountry "CZE"]
[SourceTitle "playchess.com"]
[Source "ChessBase"]
[SourceQuality "1"]
[WhiteTeam "Cesky Tesin"]
[BlackTeam "Pardubice"]

{[%evp 16,37,31,36,49,33,49,48,72,46,49,36,46,39,91,89,82,57,81,49,57,51,47,36]} 1. d4 Nf6 2. c4 e6 3. Nf3 Bb4+ 4. Bd2 c5 5. Bxb4 cxb4 6. g3 O-O 7. Bg2 d5 8. Nbd2 Nc6 9. O-O {LiveBook: 24 Games. E11: Bogo-Indian} (9. Rc1 Qa5 10. Qb3 Bd7 11. O-O Rac8 {½-½ (11) Moranda,W (2545)-Zhigalko,S (2621) Enschede 2009}) 9... a5 10. e3 Qe7 11. Rc1 Bd7 12. Ne5 $146 ({Predecessor:} 12. Qe2 a4 13. Ne5 Rfd8 14. f4 Be8 15. Bf3 a3 16. b3 Rac8 {1-0 (50) Pedersen,S (2415)-Dankert,P (2235) Germany 2003}) 12... Rfc8 13. f4 Be8 14. g4 {[%cal Bg3g4,Bg4g5][%mdl 32]} Qd8 ({Black should play} 14... dxc4 $14 15. Nexc4 Rd8) 15. g5 $16 Nd7 16. Nxc6 bxc6 17. c5 f6 18. Qg4 Qe7 19. Bh3 1/2-1/2

[Event "CZE-tht Extraliga 2018-19"]
[Site "Czech Republic"]
[Date "2018.12.01"]
[Round "3"]
[White "Sosna, Jan"]
[Black "Chytilek, Roman"]
[Result "1/2-1/2"]
[WhiteElo "2338"]
[BlackElo "2331"]
[Annotator "NA"]
[PlyCount "25"]
[EventDate "2018.11.03"]
[EventType "team-tourn"]
[EventCountry "CZE"]
[SourceTitle "playchess.com"]
[Source "ChessBase"]
[SourceQuality "1"]
[WhiteTeam "Poruba"]
[BlackTeam "Duras"]
[TimeControl "40/5400+30:1800+30"]

1. d4 {[%emt 0:00:00]} Nf6 {[%emt 0:00:00]} 2. Nf3 {[%emt 0:00:00]} d5 {[%emt 0:00:26]} 3. Bf4 {[%emt 0:00:00]} e6 {[%emt 0:00:32]} 4. Nbd2 {[%emt 0:02:08]} c5 {[%emt 0:00:20]} 5. e3 {[%emt 0:00:09]} Nc6 {[%emt 0:00:39]} 6. c3 {[%emt 0:00:19]} cxd4 {[%emt 0:02:48]} 7. exd4 {[%emt 0:00:49]} Nh5 {[%emt 0:00:09]} 8. Be3 {[%emt 0:07:07]} Bd6 {[%emt 0:00:54]} 9. Bd3 {[%emt 0:10:00]} Nf4 {[%emt 0:17:58]} 10. Bxf4 {[%emt 0:00:41]} Bxf4 {[%emt 0:00:23]} 11. O-O {[%emt 0:00:11]} O-O {[%emt 0:01:56]} 12. Re1 {[%emt 0:00:27]} g6 {[%emt 0:01:59]} 13. Nf1 {[%emt 0:15:56]} 1/2-1/2

[Event "CZE-tht Extraliga 2018-19"]
[Site "Czech Republic"]
[Date "2018.12.01"]
[Round "3"]
[White "Pisk, Petr"]
[Black "Biolek, Richard Jr."]
[Result "1/2-1/2"]
[WhiteElo "2332"]
[BlackElo "2447"]
[Annotator "TA"]
[PlyCount "19"]
[EventDate "2018.11.03"]
[EventType "team-tourn"]
[EventCountry "CZE"]
[SourceTitle "playchess.com"]
[Source "ChessBase"]
[SourceQuality "1"]
[WhiteTeam "Brno"]
[BlackTeam "Ostrava"]

{[%evp 9,19,0,0,0,10,-35,4,16,10,-12,0,-3]} 1. d4 {[%cal Bd2d4,Bd4d5][%mdl 32]} Nf6 2. Bg5 c5 3. d5 Ne4 4. Bc1 (4. Bf4 Qb6 5. Bc1 e6 6. f3 Qa5+ 7. c3 Nf6 8. e4 d6 9. Na3 exd5 10. exd5 Be7 11. Ne2 Nbd7 12. Nc4 Qc7 13. Ng3 O-O {½-½ (22) Mchedlishvili,M (2608)-Sjugirov,S (2677) St Petersburg 2018}) 4... e6 5. c4 Qa5+ 6. Nd2 {A45: Trompowsky Attack} Nf6 $146 ({Predecessor:} 6... g6 7. Qc2 f5 8. f3 Nf6 9. e4 Bg7 10. a3 fxe4 11. fxe4 O-O {0-1 (28) Pribyl,J (2425)-Ftacnik,L (2560) Frenstat 1982}) 7. dxe6 fxe6 8. Ngf3 {The position is equal.} Nc6 9. g3 Be7 10. Bg2 1/2-1/2